CompTIA Acronyms 2 - Statistics

General Stats
  • This quiz has been taken 35 times
  • The average score is 5 of 22
Answer Stats
Hint Answer % Correct
CPU Central Processing Unit
94%
DC Direct Current
69%
CRT Cathode Ray Tube
63%
DIMM Dual Inline Memory Module
50%
DDos Distributed Denial of Service
44%
DDR Double Data Rate
31%
DHCP Dynamic Host Configuration Protocol
31%
Daas Data as a Service
25%
CMOS Complementary Metal-Oxide Semiconductor
19%
CAD Computer Assisted Design
19%
DBaas Database as a Service
19%
CIDR Classless Inter-Domain Routing
13%
CIFS Common Internet File System
6%
COMx Communication Port (x=port number)
6%
CDFS Compact Disc File System
6%
CAPTCHA Completely Automated Public Turing Test to tell Computers and Humans Apart
6%
CERT Computer Emergency Response Team
6%
DAC Discretionary Access Control
6%
DFS Distributed File System
6%
CFS Central File System / Common File System / Command File System
0%
CNR Communications and Networking Riser
0%
CGA Computer Graphics and Applications
0%
No matching quizzes found
Score Distribution
Percent of People with Each Score
Percentile by Number Answered
Your Score History
You have not taken this quiz